01134nam a2200193Ia 4500001001100000003001000011008004100021040002500062041001300087100001200100245002600112250001100138260009200149300002800241500026200269501011400531520026200645650003300907L238-10941IT-CnALBA170116s9999||||xx |||||||||||||| ||und|| aIT-CnALBAcIT-CnALBA aITALIANO aAA. VV. 0aIL LIBRO DELLA FEDE.  a2a ed. aCINISELLO BALSAMO (MI)bEDIZIONI PAOLINEc1988 [1° Ed.:1988 - Ed.Ling.Originale: 1988] a253 p. (prefazione: 15) aTRADUZIONE DAL FRANCESE DI E. MIRAGOLI. TESTIMONIANZA DELLA FEDE. FEDELTÀ ALLA TRADIZIONE. IL CREDO. LITURGIA. CELEBRAZIONE DEI SACRAMENTI. ATTUALIZZAZIONE DEL VANGELO. I DIECI COMANDAMENTI. PREGHIERA. STRUMENTO. EFFICACIA. DOCUMENTAZIONE FOTOGRAFICA BIAN aSocietà San Paolo EM - Piazza San Paolo, 14 - 12051 ALBA (CN) (non commercial uses only) ® Copyright 2017 aTRADUZIONE DAL FRANCESE DI E. MIRAGOLI. TESTIMONIANZA DELLA FEDE. FEDELTÀ ALLA TRADIZIONE. IL CREDO. LITURGIA. CELEBRAZIONE DEI SACRAMENTI. ATTUALIZZAZIONE DEL VANGELO. I DIECI COMANDAMENTI. PREGHIERA. STRUMENTO. EFFICACIA. DOCUMENTAZIONE FOTOGRAFICA BIAN aSIMBOLI DI FEDE - CATECHISMI